[Event "Hessen Senioren-ch 2012  8th"]
[Site "Bad Sooden-Adf. (14.4.-22.4)"]
[Date "2012.04.19"]
[Round "6.37"]
[White "Wieprecht, Gerhard"]
[Black "Lippmann, Ulrich"]
[Result "0-1"]
[WhiteElo "1717"]
[BlackElo "1890"]
[PlyCount "40"]
[EventDate "2012.04.??"]
[EventType "swiss"]
[EventRounds "9"]
[EventCountry "GER"]
[WhiteTeam "Kassel CAISSA SV"]
[BlackTeam "Papenburg SC"]

1. e4 e5 2. Nf3 Nf6 3. Nxe5 d6 4. Nf3 Nxe4 5. d4 d5 6. Bd3 Nc6 7. O-O Bg4 8. c4
Be7 9. Nc3 Nxc3 10. bxc3 O-O 11. Re1 Re8 12. Bf4 dxc4 13. Bxc4 Qd7 14. Rb1 Bd6
15. Rxe8+ Rxe8 16. Bxd6 cxd6 17. d5 Bxf3 18. dxc6 Bxc6 19. h3 Qe7 20. Qd2 Qe4
0-1

[Event "Hessen Senioren-ch 2012  8th"]
[Site "Bad Sooden-Adf. (14.4.-22.4)"]
[Date "2012.04.19"]
[Round "6.38"]
[White "Rueggeberg, Wilhelm"]
[Black "Oldach, Ehrenfried"]
[Result "0-1"]
[WhiteElo "1702"]
[BlackElo "1872"]
[PlyCount "100"]
[EventDate "2012.04.??"]
[EventType "swiss"]
[EventRounds "9"]
[EventCountry "GER"]
[WhiteTeam "Saarburg-Trier Sfr."]
[BlackTeam "Warnemünde SF"]

1. d4 Nf6 2. c4 e6 3. Nf3 b6 4. Nbd2 Bb7 5. Qc2 Bb4 6. a3 Bxd2+ 7. Nxd2 d6 8.
e4 Nbd7 9. Bd3 e5 10. Nf3 O-O 11. Bg5 exd4 12. Nxd4 Nc5 13. f3 Nxd3+ 14. Qxd3
Re8 15. O-O Qe7 16. b4 Qe5 17. Bxf6 Qxf6 18. Rad1 a5 19. b5 g6 20. Rd2 Re5 21.
a4 Rae8 22. Ne2 Qh4 23. Ng3 Qe7 24. Qd4 Rc5 25. Rc1 Qe5 26. Qxe5 Rcxe5 27. Rd4
R5e7 28. Rcd1 h5 29. h4 Bc8 30. R1d2 Kg7 31. Kf2 f5 32. exf5 Bxf5 33. Re2 Kf6
34. Rxe7 Rxe7 35. Rf4 Ke5 36. Nxf5 gxf5 37. Ke3 Rg7 38. g4 hxg4 39. fxg4 fxg4
40. Re4+ Kf5 41. Rf4+ Ke6 42. h5 g3 43. Rf1 Rh7 44. Rg1 Rxh5 45. Rxg3 Rc5 46.
Kd4 d5 47. Rg6+ Kf5 48. Rc6 Rxc6 49. bxc6 dxc4 50. Kxc4 Ke5 0-1

[Event "Hessen Senioren-ch 2012  8th"]
[Site "Bad Sooden-Adf. (14.4.-22.4)"]
[Date "2012.04.19"]
[Round "6.39"]
[White "Kalix, Wolfgang"]
[Black "Kienel, Norbert"]
[Result "1-0"]
[WhiteElo "1891"]
[BlackElo "1696"]
[PlyCount "37"]
[EventDate "2012.04.??"]
[EventType "swiss"]
[EventRounds "9"]
[EventCountry "GER"]
[WhiteTeam "Konstanz SVG"]
[BlackTeam "Osnabrück SV"]

1. f4 Nf6 2. Nf3 e6 3. e3 d5 4. Be2 c5 5. d3 Nc6 6. O-O Bd6 7. Qe1 Qc7 8. Nbd2
e5 9. fxe5 Nxe5 10. Nxe5 Bxe5 11. Nf3 Bd6 12. e4 dxe4 13. dxe4 Ng4 14. e5 Nxe5
15. Bb5+ Kf8 16. Nxe5 Bxe5 17. Bf4 Bd4+ 18. Kh1 Qe7 19. Bd6 1-0

[Event "Hessen Senioren-ch 2012  8th"]
[Site "Bad Sooden-Adf. (14.4.-22.4)"]
[Date "2012.04.19"]
[Round "6.40"]
[White "Hoffmann, Erich(36)"]
[Black "Schwertel, Johann"]
[Result "0-1"]
[WhiteElo "1736"]
[BlackElo "1895"]
[PlyCount "48"]
[EventDate "2012.04.??"]
[EventType "swiss"]
[EventRounds "9"]
[EventCountry "GER"]
[WhiteTeam "Bergeborbeck DJK"]
[BlackTeam "Koblenz 03/25 SV"]

1. e4 c6 2. d4 d5 3. e5 e6 4. Bd3 c5 5. c3 Nc6 6. Nf3 Nge7 7. dxc5 Ng6 8. Bxg6
hxg6 9. b4 Be7 10. Nd4 Nxe5 11. Qa4+ Bd7 12. b5 Bxc5 13. Qd1 Nc4 14. a4 O-O 15.
Nf3 a6 16. bxa6 Rxa6 17. O-O b5 18. Nbd2 Nxd2 19. Qxd2 bxa4 20. Ba3 Bxa3 21.
Rxa3 Bb5 22. Rb1 Qd7 23. Rb4 Bc6 24. Qd4 Rb8 0-1

[Event "Hessen Senioren-ch 2012  8th"]
[Site "Bad Sooden-Adf. (14.4.-22.4)"]
[Date "2012.04.19"]
[Round "6.41"]
[White "Geisler, Reinhard"]
[Black "Schlag, Franz"]
[Result "1-0"]
[WhiteElo "1709"]
[BlackElo "1837"]
[PlyCount "53"]
[EventDate "2012.04.??"]
[EventType "swiss"]
[EventRounds "9"]
[EventCountry "GER"]
[WhiteTeam "Werther 1949 SK"]
[BlackTeam "Bad Hersfeld SK"]

1. c4 c6 2. d4 Nf6 3. Nf3 g6 4. Nc3 Bg7 5. g3 O-O 6. Bg2 d6 7. O-O Bf5 8. Nd2
Qc8 9. e4 Bh3 10. Nf3 Na6 11. Re1 h6 12. a3 c5 13. d5 Bxg2 14. Kxg2 Nd7 15. h4
Nc7 16. Bf4 f6 17. Qd2 Kh7 18. Rab1 Ne5 19. Qe2 g5 20. Bxe5 dxe5 21. hxg5 hxg5
22. b4 cxb4 23. axb4 Kg8 24. Nh2 Ne8 25. Ng4 Kf7 26. Rh1 Nd6 27. c5 1-0

[Event "Hessen Senioren-ch 2012  8th"]
[Site "Bad Sooden-Adf. (14.4.-22.4)"]
[Date "2012.04.19"]
[Round "6.42"]
[White "Claus, Joachim"]
[Black "Etzold, Walter"]
[Result "0-1"]
[WhiteElo "1684"]
[BlackElo "1995"]
[PlyCount "60"]
[EventDate "2012.04.??"]
[EventType "swiss"]
[EventRounds "9"]
[EventCountry "GER"]
[WhiteTeam "Witten SG"]
[BlackTeam "Langenberg(Gera) Elstertal SZ"]

1. d4 Nf6 2. Nf3 g6 3. c4 Bg7 4. g3 d6 5. Bg2 O-O 6. Nc3 c6 7. O-O Qc7 8. Re1
e5 9. d5 Re8 10. e4 Nbd7 11. Be3 Nf8 12. Qe2 Bd7 13. Rac1 c5 14. a4 Ng4 15. Bd2
f5 16. Nb5 Qb8 17. Nh4 a6 18. Nc3 Nf6 19. Bg5 Nxe4 20. Nxe4 fxe4 21. Bxe4 Bxa4
22. Qe3 Qc7 23. b3 Bd7 24. Bh6 Re7 25. Bxg7 Rxg7 26. Ng2 Re8 27. f4 exf4 28.
Nxf4 Rge7 29. Ne6 Nxe6 30. Qf3 Ng5 0-1

[Event "Hessen Senioren-ch 2012  8th"]
[Site "Bad Sooden-Adf. (14.4.-22.4)"]
[Date "2012.04.19"]
[Round "6.43"]
[White "Just, Joachim"]
[Black "Micheel, Peter"]
[Result "1/2-1/2"]
[WhiteElo "1881"]
[BlackElo "1697"]
[PlyCount "58"]
[EventDate "2012.04.??"]
[EventType "swiss"]
[EventRounds "9"]
[EventCountry "GER"]
[WhiteTeam "Zeitz Motor SV"]
[BlackTeam "Graal-Müritz SSC"]

1. g3 e5 2. c4 Nf6 3. Bg2 Nc6 4. Nc3 Bc5 5. e3 d6 6. a3 a6 7. b4 Ba7 8. Qc2 O-O
9. Nge2 Bg4 10. d3 Qd7 11. h3 Bf5 12. Nd5 Nxd5 13. cxd5 Ne7 14. g4 Bg6 15. e4
c6 16. dxc6 Nxc6 17. Be3 Rac8 18. Qd2 Rc7 19. O-O Rfc8 20. Rac1 Bxe3 21. Qxe3
Nd8 22. Rxc7 Rxc7 23. d4 Qc8 24. Rd1 f6 25. d5 Be8 26. Qb6 Ba4 27. Re1 Nf7 28.
Kh2 Rc2 29. Ng3 g6 1/2-1/2

[Event "Hessen Senioren-ch 2012  8th"]
[Site "Bad Sooden-Adf. (14.4.-22.4)"]
[Date "2012.04.19"]
[Round "6.44"]
[White "Causevic, Ismet"]
[Black "Fromme, Werner"]
[Result "1/2-1/2"]
[WhiteElo "1841"]
[BlackElo "1653"]
[PlyCount "120"]
[EventDate "2012.04.??"]
[EventType "swiss"]
[EventRounds "9"]
[EventCountry "GER"]
[WhiteTeam "Forst 1971 SF"]
[BlackTeam "Witten SG"]

1. d4 Nf6 2. c4 e6 3. Nf3 d5 4. e3 c6 5. Nc3 Nbd7 6. b3 b6 7. Bd3 Bb7 8. O-O
Bd6 9. Bb2 O-O 10. Rc1 Re8 11. cxd5 exd5 12. Qc2 h6 13. Rfe1 Ne4 14. Nxe4 dxe4
15. Bxe4 Rc8 16. Bf5 c5 17. Qd1 Rc7 18. dxc5 Nxc5 19. Qd4 Bf8 20. Qg4 Bxf3 21.
gxf3 Ne6 22. Rcd1 Qg5 23. Bxe6 fxe6 24. Re2 Rec8 25. Kh1 Qxg4 26. fxg4 Be7 27.
Be5 Rb7 28. Red2 Bf6 29. Bxf6 gxf6 30. Rd6 Re7 31. Rd7 Kf7 32. Kg2 Rc5 33.
Rxe7+ Kxe7 34. Rd2 f5 35. gxf5 Rxf5 36. h4 a5 37. a4 b5 38. Rd4 b4 39. Kf1 Rc5
40. Rd3 Rc2 41. Ke1 Rc5 42. Kd2 Rf5 43. Ke2 Rh5 44. Rd4 Rc5 45. Kd2 Rc3 46. Rd3
Rc5 47. e4 Rh5 48. Rh3 Kd6 49. f4 Rc5 50. Rd3+ Ke7 51. e5 h5 52. Rg3 Kf7 53.
Rg5 Rc3 54. Rxh5 Rxb3 55. Rh7+ Kg6 56. Ra7 Rh3 57. Rxa5 Rxh4 58. Ke3 Kf7 59.
Ra8 Rh3+ 60. Kd4 b3 1/2-1/2

[Event "Hessen Senioren-ch 2012  8th"]
[Site "Bad Sooden-Adf. (14.4.-22.4)"]
[Date "2012.04.19"]
[Round "6.45"]
[White "Tuertmann, Dieter"]
[Black "Heimberg, Guenter"]
[Result "1/2-1/2"]
[WhiteElo "1806"]
[BlackElo "1658"]
[PlyCount "91"]
[EventDate "2012.04.??"]
[EventType "swiss"]
[EventRounds "9"]
[EventCountry "GER"]
[WhiteTeam "Eberswalde 1949 ESV"]
[BlackTeam "Wennigsen SK"]

1. e4 c5 2. Nf3 Nc6 3. Nc3 d6 4. Bc4 e6 5. O-O a6 6. a4 Be7 7. d4 cxd4 8. Nxd4
Nf6 9. Be3 O-O 10. Nxc6 bxc6 11. Bd3 Nd7 12. Ne2 Ne5 13. Ng3 Bb7 14. Be2 Qc7
15. c3 a5 16. f4 Nd7 17. f5 d5 18. exd5 exd5 19. Kh1 Nf6 20. Bd3 Ba6 21. Bg5
Bxd3 22. Qxd3 Rae8 23. Bxf6 Bxf6 24. Nh5 Be5 25. Qh3 f6 26. Qd3 Qf7 27. Qf3 Re7
28. Rae1 Rfe8 29. Rf2 Kh8 30. Rfe2 Bd6 31. Rxe7 Rxe7 32. Rxe7 Qxe7 33. Ng3 Qe1+
34. Nf1 Kg8 35. g3 Kf7 36. Kg2 Qb1 37. Qf2 Qe4+ 38. Qf3 Qxa4 39. Nd2 Be5 40.
Qd3 g6 41. fxg6+ hxg6 42. c4 d4 43. Ne4 Qb4 44. Qc2 a4 45. Kf3 f5 46. Nf2
1/2-1/2

[Event "Hessen Senioren-ch 2012  8th"]
[Site "Bad Sooden-Adf. (14.4.-22.4)"]
[Date "2012.04.19"]
[Round "6.46"]
[White "Mertens, Gottfried"]
[Black "Kluever, Horst"]
[Result "1-0"]
[WhiteElo "1829"]
[BlackElo "1672"]
[PlyCount "101"]
[EventDate "2012.04.??"]
[EventType "swiss"]
[EventRounds "9"]
[EventCountry "GER"]
[WhiteTeam "Weinheim 1911 SK"]
[BlackTeam "Itzehoer SV"]

1. Nf3 d5 2. d4 h6 3. c4 e6 4. Nc3 Nf6 5. e3 c6 6. Bd3 Nbd7 7. cxd5 exd5 8. O-O
Bd6 9. Bd2 O-O 10. a3 Re8 11. Qc2 Nf8 12. b4 Bg4 13. Ne1 Bh5 14. h3 Bg6 15. Rc1
a6 16. Bxg6 Nxg6 17. Nf3 Ne4 18. Na4 Nh4 19. Nxh4 Qxh4 20. Nc5 Re7 21. Be1 Qg5
22. Qe2 f5 23. f4 Qg6 24. Nd3 Ng3 25. Bxg3 Qxg3 26. Ne5 Qh4 27. Ng6 Qf6 28.
Nxe7+ Qxe7 29. Qd3 Qd7 30. Kh1 Re8 31. Kg1 Re4 32. Rfe1 Qe6 33. Qd2 Qe7 34. Rb1
g5 35. g3 Qg7 36. Kh1 Qg6 37. Qf2 g4 38. hxg4 Qxg4 39. Kg2 Qg6 40. Rh1 Bf8 41.
Qf3 Qe6 42. Rbe1 Bg7 43. Kf2 Kh7 44. Reg1 Qe7 45. g4 fxg4 46. Rxg4 Re6 47. Rhg1
Bf8 48. Qg3 Rf6 49. Rg6 Rf5 50. Rxh6+ Kxh6 51. Qg6# 1-0

[Event "Hessen Senioren-ch 2012  8th"]
[Site "Bad Sooden-Adf. (14.4.-22.4)"]
[Date "2012.04.19"]
[Round "6.47"]
[White "Blosze, Winfried"]
[Black "Hoellger, Herbert"]
[Result "1-0"]
[WhiteElo "1710"]
[BlackElo "1841"]
[PlyCount "39"]
[EventDate "2012.04.??"]
[EventType "swiss"]
[EventRounds "9"]
[EventCountry "GER"]
[WhiteTeam "Großauheim 1929 SV"]
[BlackTeam "Bad Hersfeld SK"]

1. e4 g6 2. d4 Bg7 3. Nc3 d6 4. Be3 a6 5. Bd3 Nd7 6. f4 c5 7. Nf3 b5 8. a3 e6
9. O-O Nh6 10. h3 Qc7 11. Qd2 f5 12. Ng5 Nb6 13. dxc5 dxc5 14. Qf2 Bd4 15. Bxd4
cxd4 16. Qxd4 O-O 17. Rae1 Nf7 18. exf5 Nxg5 19. fxg5 e5 20. Rxe5 1-0

[Event "Hessen Senioren-ch 2012  8th"]
[Site "Bad Sooden-Adf. (14.4.-22.4)"]
[Date "2012.04.19"]
[Round "6.48"]
[White "Klein, Klaus(36)"]
[Black "Hilbig, Klaus"]
[Result "1-0"]
[WhiteElo "1823"]
[BlackElo "1535"]
[PlyCount "43"]
[EventDate "2012.04.??"]
[EventType "swiss"]
[EventRounds "9"]
[EventCountry "GER"]
[WhiteTeam "Heidelberg SF"]
[BlackTeam "Ahrensburger TSV"]

1. e4 e6 2. d4 d5 3. Nc3 Bb4 4. exd5 exd5 5. Bd3 Nf6 6. Nge2 O-O 7. O-O Re8 8.
a3 Bf8 9. Bg5 c6 10. Ng3 h6 11. Bf4 g5 12. Be5 Nbd7 13. f4 Nxe5 14. fxe5 Ng4
15. Qf3 f6 16. h3 Nxe5 17. dxe5 Qb6+ 18. Kh2 Bg7 19. exf6 Rf8 20. Qh5 Rxf6 21.
Rxf6 Bxf6 22. Qe8+ 1-0

[Event "Hessen Senioren-ch 2012  8th"]
[Site "Bad Sooden-Adf. (14.4.-22.4)"]
[Date "2012.04.19"]
[Round "6.49"]
[White "Johannsen, Ingbert"]
[Black "Berger, Volkmar"]
[Result "0-1"]
[WhiteElo "1800"]
[BlackElo "1648"]
[PlyCount "64"]
[EventDate "2012.04.??"]
[EventType "swiss"]
[EventRounds "9"]
[EventCountry "GER"]
[WhiteTeam "Witten SG"]
[BlackTeam "Cottbus Senioren SC"]

1. e4 d6 2. d4 Nf6 3. Nc3 g6 4. Nf3 Bg7 5. Be2 O-O 6. O-O b6 7. h3 Bb7 8. Bd3
Nbd7 9. Be3 Rc8 10. Qd2 d5 11. exd5 Nxd5 12. Nxd5 Bxd5 13. Ng5 c5 14. c3 e5 15.
dxe5 Nxe5 16. Rfd1 Bb7 17. Qc2 Qe7 18. Be4 Rfe8 19. b3 Nc4 20. Bxb7 Nxe3 21.
fxe3 Qxb7 22. Rf1 Rc7 23. Rae1 Rce7 24. h4 h6 25. Nh3 Rxe3 26. Qf2 Qe7 27. Rxe3
Qxe3 28. c4 Qxf2+ 29. Kxf2 Bd4+ 30. Kg3 Re2 31. a4 Rb2 32. Rf3 Be5+ 0-1

[Event "Hessen Senioren-ch 2012  8th"]
[Site "Bad Sooden-Adf. (14.4.-22.4)"]
[Date "2012.04.19"]
[Round "6.50"]
[White "Josting, Friedel"]
[Black "Hegner, Peter"]
[Result "1-0"]
[WhiteElo "1785"]
[BlackElo "1570"]
[PlyCount "53"]
[EventDate "2012.04.??"]
[EventType "swiss"]
[EventRounds "9"]
[EventCountry "GER"]
[WhiteTeam "Bünde 1945 SG"]
[BlackTeam "Bad Soden SC"]

1. d4 d5 2. Bf4 Nf6 3. e3 e6 4. Nd2 c5 5. c3 Bd6 6. Bg5 h6 7. Bh4 Nbd7 8. Ngf3
b6 9. Bb5 a6 10. Ba4 b5 11. Bc2 Rb8 12. O-O g5 13. Bg3 Bxg3 14. hxg3 O-O 15.
Ne5 Nxe5 16. dxe5 Nd7 17. f4 Kg7 18. Qg4 f5 19. exf6+ Nxf6 20. Qe2 g4 21. e4
dxe4 22. Nxe4 h5 23. Ng5 Qe8 24. Rae1 Rb6 25. Qe5 Rh8 26. f5 exf5 27. Qc7+ 1-0

[Event "Hessen Senioren-ch 2012  8th"]
[Site "Bad Sooden-Adf. (14.4.-22.4)"]
[Date "2012.04.19"]
[Round "6.51"]
[White "Grasmeyer, Klaus-Peter"]
[Black "Reimann, Guenther"]
[Result "1/2-1/2"]
[WhiteElo "1693"]
[BlackElo "1779"]
[PlyCount "38"]
[EventDate "2012.04.??"]
[EventType "swiss"]
[EventRounds "9"]
[EventCountry "GER"]
[WhiteTeam "Villingen SK"]
[BlackTeam "Magstadt SC"]

1. d4 e6 2. c4 f5 3. g3 Nf6 4. Bg2 c6 5. Nf3 Be7 6. O-O O-O 7. b3 Qe8 8. Bb2 d6
9. e3 Nbd7 10. Nbd2 Bd8 11. Qc2 Ng4 12. Rfd1 Ndf6 13. e4 Qg6 14. Re1 fxe4 15.
Nxe4 Qh5 16. Nxd6 Bd7 17. h3 Bc7 18. Ba3 b6 19. Ne5 Nxf2 1/2-1/2

[Event "Hessen Senioren-ch 2012  8th"]
[Site "Bad Sooden-Adf. (14.4.-22.4)"]
[Date "2012.04.19"]
[Round "6.52"]
[White "Fleischer, Martin"]
[Black "Meyer, Walter(34)"]
[Result "1-0"]
[WhiteElo "1758"]
[BlackElo "1591"]
[PlyCount "33"]
[EventDate "2012.04.??"]
[EventType "swiss"]
[EventRounds "9"]
[EventCountry "GER"]
[WhiteTeam "Schwerin Einheit SV"]
[BlackTeam "Hennef 1927 SV"]

1. e4 c5 2. c3 d6 3. Nf3 Nc6 4. d4 cxd4 5. cxd4 Bg4 6. Be2 Nf6 7. Nc3 g6 8. h3
Bxf3 9. Bxf3 Bg7 10. Be3 O-O 11. a3 a6 12. Rb1 Rc8 13. O-O b6 14. Qd2 Na5 15.
b3 Nc6 16. b4 Nb8 17. a4 1-0

[Event "Hessen Senioren-ch 2012  8th"]
[Site "Bad Sooden-Adf. (14.4.-22.4)"]
[Date "2012.04.19"]
[Round "6.53"]
[White "Schiller, Hans(42)"]
[Black "Pajcin, Jovan"]
[Result "1/2-1/2"]
[WhiteElo "1611"]
[BlackElo "1675"]
[PlyCount "31"]
[EventDate "2012.04.??"]
[EventType "swiss"]
[EventRounds "9"]
[EventCountry "GER"]
[WhiteTeam "Bad Lausick Sfr."]
[BlackTeam "Leiden Philidor"]

1. d4 c6 2. Nf3 g6 3. e3 Bg7 4. Bd3 Nf6 5. O-O d5 6. Nbd2 Nbd7 7. c3 c5 8. e4
dxe4 9. Nxe4 cxd4 10. Nxd4 O-O 11. f4 Qb6 12. Kh1 Nc5 13. Nxc5 Qxc5 14. Qf3 Rd8
15. Be3 Bg4 16. Qf2 1/2-1/2

[Event "Hessen Senioren-ch 2012  8th"]
[Site "Bad Sooden-Adf. (14.4.-22.4)"]
[Date "2012.04.19"]
[Round "6.54"]
[White "Boehme, Erich"]
[Black "Otto, Klaus(41)"]
[Result "1-0"]
[WhiteElo "1740"]
[BlackElo "1577"]
[PlyCount "101"]
[EventDate "2012.04.??"]
[EventType "swiss"]
[EventRounds "9"]
[EventCountry "GER"]
[WhiteTeam "Stadtallendorf SK"]
[BlackTeam "Triebes Thüringer SV"]

1. c4 Nf6 2. d4 e5 3. dxe5 Ng4 4. Nf3 Nc6 5. Bd2 Ngxe5 6. e4 d6 7. Bc3 Bg4 8.
Be2 Nxf3+ 9. Bxf3 Bxf3 10. Qxf3 Ne5 11. Qe2 Qh4 12. Nd2 O-O-O 13. g3 Qg4 14.
Qxg4+ Nxg4 15. h3 Ne5 16. f4 Nd3+ 17. Ke2 Nc5 18. Rhe1 Na4 19. Rac1 Nxc3+ 20.
Rxc3 g6 21. b4 d5 22. cxd5 Bxb4 23. Rc4 Ba5 24. Rd4 f6 25. Rc1 Bb6 26. Rd3 a6
27. Kf3 Kb8 28. Nc4 Ba7 29. e5 fxe5 30. Nxe5 Rhf8 31. Rb1 Kc8 32. Rc1 Rf6 33.
h4 Bb8 34. Ke4 Ba7 35. g4 Rdf8 36. Rf3 Rd6 37. Rd1 Bc5 38. Rc3 b6 39. g5 Kb7
40. a4 Rdd8 41. Rh1 Bd6 42. Rhh3 a5 43. h5 Rde8 44. hxg6 Bxe5 45. fxe5 hxg6 46.
Rh7 Rc8 47. d6 Rh8 48. Rcxc7+ Rxc7 49. Rxc7+ Kb8 50. e6 Rh4+ 51. Ke5 1-0

[Event "Hessen Senioren-ch 2012  8th"]
[Site "Bad Sooden-Adf. (14.4.-22.4)"]
[Date "2012.04.19"]
[Round "6.55"]
[White "Schwichtenberg, Juergen"]
[Black "Smits, Oswald"]
[Result "0-1"]
[WhiteElo "1545"]
[BlackElo "1726"]
[PlyCount "140"]
[EventDate "2012.04.??"]
[EventType "swiss"]
[EventRounds "9"]
[EventCountry "GER"]
[WhiteTeam "Hofheim 1920 SV"]
[BlackTeam "Königstein/Schwalbach Sfr."]

1. b4 e5 2. Bb2 Bxb4 3. Bxe5 Nf6 4. c4 Nc6 5. Bb2 O-O 6. e3 d5 7. cxd5 Nxd5 8.
Nf3 Bg4 9. Be2 Qe7 10. O-O a6 11. a3 Bd6 12. Nc3 Nf6 13. d4 Rad8 14. Nd2 Qd7
15. Nde4 Nxe4 16. Nxe4 Bxe2 17. Qxe2 Be7 18. Rac1 Nb8 19. Qc2 c6 20. Nc5 Qc7
21. a4 Bd6 22. g3 Qe7 23. Qb3 Bxc5 24. Rxc5 Qd7 25. Qb6 Qc8 26. Rc3 Nd7 27. Qb4
Qa8 28. a5 Nf6 29. Rc2 Nd5 30. Qc5 Rfe8 31. Ba3 Nc7 32. Qc4 Rd5 33. Bc5 Qc8 34.
Ra1 Qh3 35. Qf1 Qf5 36. Rcc1 Re6 37. Qg2 Qg6 38. Re1 Nb5 39. Rac1 f5 40. Qf3
Re4 41. Qg2 Qe8 42. Red1 Nc7 43. Rb1 Nb5 44. Rbc1 h5 45. h4 Qd8 46. Bb6 Qe8 47.
Bc5 Qe6 48. Qf3 Rg4 49. Kh2 Qg6 50. Bb6 Qd6 51. Bc5 Qb8 52. Bb6 Rxh4+ 53. Kg2
Rg4 54. Rc5 Qd6 55. Rxd5 Qxd5 56. Qxd5+ cxd5 57. Kh3 Re4 58. Rc1 Re7 59. Rc5
Rd7 60. Kh4 g6 61. Kg5 Kg7 62. Rc2 Nd6 63. Kf4 Kf6 64. Rc7 g5+ 65. Kf3 Rxc7 66.
Bxc7 Nc4 67. Ke2 Ke6 68. Bd8 g4 69. f3 Kd7 70. fxg4 hxg4 0-1

[Event "Hessen Senioren-ch 2012  8th"]
[Site "Bad Sooden-Adf. (14.4.-22.4)"]
[Date "2012.04.19"]
[Round "6.56"]
[White "Zoll, Theo"]
[Black "Schneider, Miloca"]
[Result "1-0"]
[WhiteElo "1540"]
[BlackElo "1706"]
[PlyCount "116"]
[EventDate "2012.04.??"]
[EventType "swiss"]
[EventRounds "9"]
[EventCountry "GER"]
[WhiteTeam "Göttingen Rot-Weiß ESV"]
[BlackTeam "Witten SG"]

1. d4 Nf6 2. Bf4 d6 3. e3 Nbd7 4. Nf3 e6 5. h3 Be7 6. Nbd2 O-O 7. Bd3 c6 8. O-O
Qc7 9. Bh2 b5 10. c3 Bb7 11. Qc2 Rfe8 12. Rfd1 Rac8 13. Rac1 Qd8 14. Ng5 Nf8
15. Nde4 g6 16. Nf3 Nh5 17. Ng3 Ng7 18. e4 d5 19. e5 Qb6 20. Qe2 a6 21. b4 a5
22. a3 axb4 23. axb4 Ra8 24. Ra1 Nd7 25. Qb2 Qc7 26. Rxa8 Rxa8 27. Ra1 Nb6 28.
Rxa8+ Bxa8 29. Ne2 Bd8 30. Bf4 Qb8 31. Qa1 Bc7 32. g4 Ne8 33. h4 f6 34. Qb1 Qc8
35. Bxg6 f5 36. Bh5 Ng7 37. Ng5 Qf8 38. Ng3 Bd8 39. Bf7+ Kh8 40. Bxe6 Bxg5 41.
Bxg5 Nxe6 42. Bf6+ Kg8 43. Qxf5 Qf7 44. Nh5 Nd7 45. Nf4 Ndf8 46. Nxe6 Nxe6 47.
g5 Bb7 48. Qf3 Bc8 49. Qg4 Bd7 50. Qg3 Qg6 51. Kh2 Qh5 52. Be7 Ng7 53. Qf4 Nf5
54. e6 Bc8 55. Qxf5 Qe8 56. Qf7+ Qxf7 57. exf7+ Kxf7 58. Bf6 Ke6 1-0

[Event "Hessen Senioren-ch 2012  8th"]
[Site "Bad Sooden-Adf. (14.4.-22.4)"]
[Date "2012.04.19"]
[Round "6.57"]
[White "Aepfler, Gerhard"]
[Black "Straschnej, Paul"]
[Result "1-0"]
[WhiteElo "1673"]
[BlackElo "1538"]
[PlyCount "115"]
[EventDate "2012.04.??"]
[EventType "swiss"]
[EventRounds "9"]
[EventCountry "GER"]
[WhiteTeam "Apolda TSG"]
[BlackTeam "Bad Emstal Sfr."]

1. e4 e5 2. Nf3 Nc6 3. d4 exd4 4. Nxd4 Bc5 5. Be3 d6 6. Nxc6 bxc6 7. Bxc5 dxc5
8. Qxd8+ Kxd8 9. Nc3 Be6 10. f4 g6 11. Be2 f5 12. Bf3 Ne7 13. O-O-O+ Ke8 14.
Na4 Bxa2 15. exf5 Bd5 16. Bxd5 cxd5 17. f6 Nf5 18. Rxd5 Kf7 19. Rd7+ Kxf6 20.
Nxc5 Rad8 21. Rhd1 Rxd7 22. Rxd7 Ne3 23. g3 Nf1 24. Rxc7 Nxh2 25. Rxa7 h5 26.
b4 Nf1 27. Ra3 Kf5 28. Rf3 Ra8 29. Nb3 Nh2 30. Rf2 Ng4 31. Re2 Nf6 32. Re5+ Kg4
33. Rg5+ Kh3 34. Rxg6 Ne4 35. f5 Nxg3 36. f6 Rf8 37. Nc5 Ne2+ 38. Kd2 Nf4 39.
Rh6 Rf7 40. Nd3 Nxd3 41. Kxd3 Kg4 42. Rg6+ Kf5 43. Rg1 Kf4 44. Rf1+ Kg3 45. Ke4
Kg2 46. Rf5 h4 47. Ke5 h3 48. Rh5 Rc7 49. Kd6 Rxc2 50. f7 Rf2 51. Ke7 Re2+ 52.
Kf6 h2 53. Kg7 h1=Q 54. Rxh1 Kxh1 55. f8=Q Rg2+ 56. Kf7 Rf2+ 57. Ke7 Re2+ 58.
Kd6 1-0

[Event "Hessen Senioren-ch 2012  8th"]
[Site "Bad Sooden-Adf. (14.4.-22.4)"]
[Date "2012.04.19"]
[Round "6.58"]
[White "Matrisch, Gerd"]
[Black "Preiss, Gerhard"]
[Result "1/2-1/2"]
[WhiteElo "1737"]
[BlackElo "1586"]
[PlyCount "62"]
[EventDate "2012.04.??"]
[EventType "swiss"]
[EventRounds "9"]
[EventCountry "GER"]
[WhiteTeam "Wanne-Eickel SV"]
[BlackTeam "Steinhagen SK"]

1. e4 e6 2. Nf3 d5 3. Nc3 c5 4. Bb5+ Bd7 5. Bxd7+ Qxd7 6. O-O Nc6 7. exd5 exd5
8. Re1+ Be7 9. d4 Nf6 10. Ne5 Qc7 11. Nxc6 bxc6 12. dxc5 O-O 13. Be3 Qa5 14.
Qd4 Rad8 15. b4 Qc7 16. Bf4 Qd7 17. a4 Rfe8 18. Re2 Nh5 19. Be5 f6 20. Bg3 Nxg3
21. hxg3 f5 22. Rae1 Bf6 23. Qd3 Rxe2 24. Rxe2 g6 25. Kf1 Kf7 26. Nb1 Rb8 27.
c3 Be7 28. Qe3 a5 29. Rb2 Qa7 30. Re2 Qd7 31. Rb2 Qa7 1/2-1/2

[Event "Hessen Senioren-ch 2012  8th"]
[Site "Bad Sooden-Adf. (14.4.-22.4)"]
[Date "2012.04.19"]
[Round "6.59"]
[White "Pastowski, Werner"]
[Black "Von Janta, Lothar"]
[Result "0-1"]
[WhiteElo "1505"]
[BlackElo "1656"]
[PlyCount "46"]
[EventDate "2012.04.??"]
[EventType "swiss"]
[EventRounds "9"]
[EventCountry "GER"]
[WhiteTeam "Schmalkalden 04 SV"]
[BlackTeam "Berenbostel SV"]

1. d4 f5 2. g3 Nf6 3. Bg2 c6 4. c3 e6 5. Bg5 Be7 6. Nd2 h6 7. Bxf6 Bxf6 8. e4
O-O 9. e5 Be7 10. f4 b5 11. Ngf3 Bb7 12. O-O Na6 13. Nb3 Qc7 14. Qe2 Rab8 15.
Rac1 Rfc8 16. Kh1 Qb6 17. Rfd1 Nc7 18. c4 bxc4 19. Qxc4 Ba6 20. Qc2 Nd5 21. Nc5
Bxc5 22. Qxc5 Qxc5 23. Rxc5 Rxb2 0-1

[Event "Hessen Senioren-ch 2012  8th"]
[Site "Bad Sooden-Adf. (14.4.-22.4)"]
[Date "2012.04.19"]
[Round "6.60"]
[White "Lueders, Guenther Dr"]
[Black "Schumacher, Ursula"]
[Result "1-0"]
[WhiteElo "1712"]
[BlackElo "1446"]
[PlyCount "68"]
[EventDate "2012.04.??"]
[EventType "swiss"]
[EventRounds "9"]
[EventCountry "GER"]
[WhiteTeam "Benshausen TSV"]
[BlackTeam "Bad Neuenahr SC"]

1. d4 c6 2. Nf3 d5 3. Bf4 Bf5 4. Nbd2 e6 5. e3 Nd7 6. Be2 c5 7. c3 cxd4 8. exd4
Ne7 9. h3 h6 10. O-O a6 11. Re1 Rc8 12. Qa4 Nc6 13. Nf1 Be7 14. Ne3 Nb6 15. Qd1
Be4 16. Bd3 Bxd3 17. Qxd3 O-O 18. Ng4 Nd7 19. Qd2 g5 20. Nxh6+ Kg7 21. Nxg5
Bxg5 22. Bxg5 f6 23. Bf4 Re8 24. Ng4 Kg6 25. Bg3 Kf7 26. Qd3 Nf8 27. Nh6+ Kg7
28. Bf4 Ng6 29. Qg3 Rh8 30. Rxe6 Rxh6 31. Bxh6+ Kxh6 32. Rae1 Qf8 33. Qf3 Kg7
34. Qf5 Qg8 1-0